000 01519nam2a22002651 4500
001 RU\NLR\INFOCOMM15\1000115503
005 20250617062108.0
035 _a(NLR Aleph) 002518075
090 _a2739234
_c2739234
100 _a20040409d1988 |||y0rusy50 ca
101 0 _arus
102 _aRU
105 _ay |||||||||
200 1 _aСистемный подход при изучении действия биологически активных веществ на организм
_fА.А. Сахарова, В.В. Скибенко
210 _d1988
_aБ. м.
461 0 _1001RU\NLR\INFOCOMM15\1000115492
_12001#$aЛекарственные средства, экономика, технология и перспективы получения$eОбзор. информ.$fНауч.-произв. об-ние "Медбиоэкономика". ВНИИ систем упр., экон. исслед. и НТИ$v1988, Вып.11
_92739139
_cМ.
_d1988-
_fНауч.-произв. об-ние "Медбиоэкономика". ВНИИ систем упр., экон. исслед. и НТИ
_oОбзор. информ.
_tЛекарственные средства, экономика, технология и перспективы получения
_v1988, Вып.11
700 1 _aСахарова
_bА.А.
_4070
701 1 _aСкибенко
_bВ.В.
_4070
801 1 _aRU
_bInfoComm
_c20040409
801 0 _aRU
_bNLR
_gPSBO
852 _aNLR
_jП10/6523
942 _cISSUE
980 _aNB
980 _aRUSPER